Statistics for Name a Dutch City A-Z

Click here to take the quiz!

General Stats

  • This quiz has been taken 72 times
  • The average score is 11 of 17

Answer Stats

LetterCity% Correct
AAmsterdam | Almere | Amersfoort | Apeldorm | Arnhem | Alkmaar | Arnheim-zuid | Alphen aan den Rjin | Almelo | Assen
100%
RRotterdam | Roosendaal
87%
TThe Hague | Tilburg
84%
UUtrecht
81%
EEindhoven | Enschede | Ede | Emmen
74%
GGroningen | Gouda
73%
HHaarlem | Heerlen | Hilversum | Helmond | Haarlemmermeer | Hoorn | Heerhugowaard | Hengelo
71%
BBreda | Barenddrecht | Bergen op Zoom
68%
MMaastricht
66%
DDordrecht | Deventer
58%
NNijmegen | Nieuwegein
55%
LLeiden | Ljouwert | Lelystad
55%
ZZoetermeer | Zwolle | Zeist
55%
VVelsen | Venlo | Veenendaal
42%
OOss
35%
S's Hertogenbosch | Spijkenisse
29%
PPurmerend
23%

Score Distribution

Percentile by Number Answered

Percent of People with Each Score

Your Score History

You have not taken this quiz